000 00482nam a2200157Ia 4500
008 230921s9999||||xx |||||||||||||| ||und||
020 _a978-1-4842-4868-3
041 _aEN
100 _aStefan Kaczmarek, Brad Lees, Gary Bennett
245 0 _aSwift 5 for Absolute Beginners
250 _a5th ed.
260 _c2019
_bApress
856 _uhttps://doi.org/10.1007/978-1-4842-4868-3
856 _uhttps://link.springer.com/openurl?genre=book&isbn=978-1-4842-4868-3
942 _cEB
999 _c260461
_d260461